|
|
|
|
| LEADER |
01027nam a2200265 a 4500 |
| 001 |
2527595 |
| 008 |
090726s1992 enk 000 1 eng d |
| 010 |
|
|
|a 93106811
|
| 020 |
|
|
|a 043590566X
|
| 040 |
|
|
|a DLC
|c DLC
|d DLC
|
| 082 |
0 |
0 |
|a 823
|2 20
|
| 245 |
0 |
4 |
|a The Heinemann book of contemporary African short stories /
|c edited by Chinua Achebe and C.L. Innes.
|
| 260 |
|
|
|a Oxford ;
|a Portsmouth, N.H. :
|b Heinemann,
|c 1992.
|
| 300 |
|
|
|a viii, 200 p. ;
|c 20 cm.
|
| 490 |
0 |
|
|a African writers series
|
| 500 |
|
|
|a Spine title: Contemporary African writers.
|
| 541 |
1 |
|
|e 00013800
|
| 650 |
|
0 |
|a Short stories, African (English)
|
| 651 |
|
0 |
|a Africa
|x Social life and customs
|x Fiction.
|
| 700 |
1 |
|
|a Achebe, Chinua.
|
| 700 |
1 |
|
|a Innes, Catherine Lynette.
|
| 740 |
0 |
|
|a Contemporary African writers.
|
| 852 |
4 |
|
|a Ayesha Abed Library
|j General shelf
|
| 999 |
|
|
|c 2882
|d 2882
|
| 952 |
|
|
|0 0
|1 0
|2 ddc
|4 0
|6 823_HEI
|7 0
|9 2659
|a BRACUL
|b BRACUL
|c GEN
|d 2009-07-30
|g 590.00
|l 11
|m 46
|o 823 HEI
|p 3010013800
|r 2024-10-30
|s 2024-10-24
|t 1
|v 1180.00
|w 2009-07-30
|y BK
|